| 000 | 00562nam a22002057a 4500 | ||
|---|---|---|---|
| 003 | OSt | ||
| 005 | 20220107122846.0 | ||
| 008 | 190114b xxu||||| |||| 00| 0 eng d | ||
| 020 | _a9781118116173 | ||
| 040 | _cIIITMK | ||
| 082 | _a005.18 WAN/R | ||
| 100 |
_aWang, Jiacun _915128 |
||
| 245 |
_aReal time embedded systems _cJiacun Wang |
||
| 260 |
_aHoboken, _bWiley, _c2017. |
||
| 300 | _axvii, 310p. | ||
| 440 |
_a Quantitative Software Engineering Series _916649 |
||
| 650 |
_aCOMPUTER SCIENCE _916650 |
||
| 650 |
_aEMBEDDED SYSTEMS _916651 |
||
| 942 |
_2ddc _cBK |
||
| 999 |
_c6293 _d6293 |
||